Measurement and meanings: Techniques and methods of studying occupational cognition (Record no. 1375234)

MARC details
000 -LEADER
fixed length control field 00662nam a2200217Ia 4500
005 - DATE AND TIME OF LATEST TRANSACTION
control field 20250508162228.0
008 - FIXED-LENGTH DATA ELEMENTS--GENERAL INFORMATION
fixed length control field 008 250505s9999 xx 000 0 eng d
020 ## - INTERNATIONAL STANDARD BOOK NUMBER
International Standard Book Number 0-333-21797-7
037 ## - SOURCE OF ACQUISITION
Stock number Textual
040 ## - CATALOGING SOURCE
Original cataloging agency FEDL
Language of cataloging eng
Transcribing agency FEDL
041 ## - LANGUAGE CODE
Language code of text/sound track or separate title eng
Source of code eng
084 ## - COLON CLASSIFICATION NUMBER
Classification number 001.422, COX
Assigning agency FEDL
100 ## - MAIN ENTRY--PERSONAL NAME
Personal name Coxon Anthony P M
245 #0 - TITLE STATEMENT
Title Measurement and meanings: Techniques and methods of studying occupational cognition
260 ## - PUBLICATION, DISTRIBUTION, ETC.
Place of publication, distribution, etc. London, UK
Name of publisher, distributor, etc. The Macmillan Press Ltd.
Date of publication, distribution, etc. 1979
300 ## - PHYSICAL DESCRIPTION
Extent viii,305p.
650 ## - SUBJECT ADDED ENTRY--TOPICAL TERM
Topical term or geographic name entry element Social Survey
700 ## - ADDED ENTRY--PERSONAL NAME
Personal name Jones Charles L
9 (RLIN) 772610
942 ## - ADDED ENTRY ELEMENTS (KOHA)
Koha item type Textual
Classification part 001.422, COX
Holdings
Withdrawn status Lost status Damaged status Not for loan Home library Current library Date acquired Total Checkouts Full call number Barcode Date last seen Price effective from Koha item type
        Department of Education Library Department of Education Library 2025-05-08   001.422, COX EL0065376 2025-05-08 2025-05-08 Textual
Copyright @ Delhi University Library System